How Many Runways does this Airport has? - Statistics

General Stats
  • This quiz has been taken 76 times
  • The average score is 9 of 20
Answer Stats
Question Answer % Correct
London, Heathrow (LHR) 2
80%
New York City, John F. Kennedy (JFK) 4
70%
Paris,Charles de Gaulle (CDG) 4
70%
Los Angeles (LAX) 4
70%
Dallas-Fort Worth (DFW) 7
70%
San Francisco (SFO) 4
60%
Dubai (DXB) 2
50%
Sydney, Kingsford Smith (SYD) 3
50%
Seattle-Tacoma (SEA) 3
50%
Tokyo, Haneda (HND) 4
50%
Frankfurt (FRA) 4
40%
Amsterdam, Schipol (AMS) 6
40%
Beijing, Capital (PEK) 3
30%
Singapore, Changi (SIN) 3
30%
Denver (DEN) 6
30%
Bangkok, Suvarnabhumi (BKK) 2
20%
Delhi, Indira Gandhi (IGI) 3
20%
Shanghai, Pudong (PVG) 4
20%
Chicago, O'Hare (ORD) 7
10%
Hong Kong (HKG) 2
0%
No matching quizzes found
Score Distribution
Percent of People with Each Score
Percentile by Number Answered
Your Score History
You have not taken this quiz